000 00791nam a2200277Ia 4500
001 Para_6570
003 CHAP
008 220125s1980 xx 000 0 und d
010 _a205447
040 _cCHAP
082 _aPA 632.95 P38
245 _aPesticide analytical methodology /
_c ed. by John Harvey y Guinter Zweig
260 _aWashington :
_b American Chemical Society
300 _a406 p.
440 _aACS Symposium Series; 136
_9171472
650 _aControl de Plagas
_927595
650 _aPesticidas
_x anĂ¡lisis
_987538
700 _aHarvey, John / Zweing, Gunter
_9171473
901 _aPA 632.95 P38
902 _aA
905 _a0000001980 na 0000000000 00
910 _a1980
942 _cPARA
942 _cPARA
_d1
999 _c205447
_d205447